[Event "Box Hill CC-ch"]
[Site "Box Hill"]
[Date "2005.06.11"]
[Round "2.1"]
[White "Johansen, Darryl Keith"]
[Black "Sharman, Scot A"]
[Result "1-0"]
[WhiteElo "2464"]
[BlackElo "1778"]
[PlyCount "22"]
[EventDate "2005.06.11"]
[EventType "swiss"]
[EventRounds "7"]
[EventCountry "AUS"]
[SourceTitle "EXT 2018"]
[Source "ChessBase"]
[SourceDate "2017.10.13"]
[SourceVersion "1"]
[SourceVersionDate "2017.10.13"]
[SourceQuality "1"]

1. c4 e5 2. Nc3 Nf6 3. Nf3 Nc6 4. e3 d5 5. cxd5 Nxd5 6. Bb5 Ndb4 7. Nxe5 Bd7 8. Nxd7 Qxd7 9. d4 a6 10. Be2 Be7 11. d5 Nb8 1-0

[Event "Box Hill Autumn Cup"]
[Site "Box Hill"]
[Date "2005.02.04"]
[Round "1"]
[White "Sharman, Scot A"]
[Black "Partsi, Dimitry"]
[Result "1/2-1/2"]
[WhiteElo "1720"]
[BlackElo "2185"]
[PlyCount "79"]
[EventDate "2005.02.04"]
[EventType "swiss"]
[EventRounds "4"]
[EventCountry "AUS"]
[SourceTitle "EXT 2010"]
[Source "ChessBase"]
[SourceDate "2010.11.25"]
[SourceVersion "1"]
[SourceVersionDate "2010.11.25"]
[SourceQuality "1"]

1. c4 e6 2. g3 Nf6 3. Bg2 d5 4. d4 c5 5. cxd5 exd5 6. Nf3 Nc6 7. 0-0 Be7 8. Nc3 0-0 9. Bg5 c4 10. Qd2 Re8 11. Ne5 Be6 12. b3 cxb3 13. axb3 Qb6 14. Nxc6 bxc6 15. Na4 Qb5 16. Bxf6 Bxf6 17. Nc5 a5 18. Rfc1 Bf5 19. e3 Be7 20. Bf1 Qb6 21. Bd3 Bxd3 22. Qxd3 Ra7 23. Qc3 Bxc5 24. Qxc5 Rb8 25. Kg2 Ra6 26. Rc3 Qd8 27. Rac1 h6 28. Qa3 Qe8 29. Qd6 Rd8 30. Qa3 Rb8 31. Qd6 Rd8 32. Qf4 Qd7 33. Qf3 Rb8 34. Qe2 Rab6 35. Qc2 Qb7 36. Ra1 Rb5 37. Rc1 Rb6 38. Ra1 Rb5 39. Rc1 Rb6 40. Ra1 1/2-1/2

[Event "Victoria-ch op"]
[Site "Box Hill"]
[Date "2004.06.14"]
[Round "6"]
[White "Potter, Christopher"]
[Black "Sharman, Scot A"]
[Result "0-1"]
[WhiteElo "1426"]
[BlackElo "1779"]
[PlyCount "77"]
[EventDate "2004.06.12"]
[EventType "swiss"]
[EventRounds "7"]
[EventCountry "AUS"]
[SourceTitle "EXT 2018"]
[Source "ChessBase"]
[SourceDate "2017.10.13"]
[SourceVersion "1"]
[SourceVersionDate "2017.10.13"]
[SourceQuality "1"]

1. e4 e6 2. d4 d5 3. e5 c5 4. c3 Nc6 5. Bb5 Bd7 6. Nf3 Qb6 7. Ba4 Nge7 8. 0-0 cxd4 9. cxd4 Nf5 10. Bxc6 Bxc6 11. Nc3 Rc8 12. b3 Bb4 13. Ne2 0-0 14. g4 Nh6 15. h3 Bb5 16. a3 Qa6 17. Ng3 Bxf1 18. Nxf1 Rc7 19. Bxh6 Bc3 20. Be3 Bxa1 21. Qxa1 Qe2 22. Kg2 Rfc8 23. a4 Rc2 24. Qa3 Qd3 25. Qe7 Qxb3 26. h4 R2c7 27. Qg5 Qxa4 28. h5 Qe8 29. h6 Qf8 30. hxg7 Qxg7 31. Qh4 a5 32. Bh6 Qg6 33. Ng3 Rc2 34. g5 a4 35. Qg4 R8c3 36. Nh5 Qd3 37. Nf6+ Kh8 38. g6 Qxg6 39. Ng5 0-1

[Event "Victoria-ch op"]
[Site "Box Hill"]
[Date "2004.06.13"]
[Round "4"]
[White "Braham, Peter"]
[Black "Sharman, Scot A"]
[Result "1-0"]
[WhiteElo "1447"]
[BlackElo "1779"]
[PlyCount "63"]
[EventDate "2004.06.12"]
[EventType "swiss"]
[EventRounds "7"]
[EventCountry "AUS"]
[SourceTitle "EXT 2018"]
[Source "ChessBase"]
[SourceDate "2017.10.13"]
[SourceVersion "1"]
[SourceVersionDate "2017.10.13"]
[SourceQuality "1"]

1. e4 e6 2. d4 d5 3. Nc3 Nf6 4. e5 Nfd7 5. Nce2 c5 6. c3 Nc6 7. f4 Qb6 8. a3 Be7 9. Nf3 0-0 10. Qc2 f6 11. Be3 fxe5 12. dxe5 Qa5 13. h4 Rd8 14. Ng5 Nf8 15. Bd2 Qc7 16. Ng3 c4 17. 0-0-0 Na5 18. Be3 Nb3+ 19. Kb1 Bd7 20. Qf2 Qa5 21. f5 exf5 22. Nxf5 Bxa3 23. Nh6+ gxh6 24. Qf7+ Kh8 25. Qf6+ Kg8 26. Nf7 Bf5+ 27. Qxf5 Be7 28. Nxh6+ Kh8 29. Nf7+ Kg8 30. Bg5 Qa1+ 31. Kc2 Qa4 32. Nh6+ 1-0

[Event "Box Hill Winter Interclub"]
[Site "Box Hill"]
[Date "2003.07.25"]
[Round "2.12"]
[White "Mahic, Amir"]
[Black "Sharman, Scot A"]
[Result "0-1"]
[WhiteElo "1703"]
[BlackElo "1695"]
[PlyCount "56"]
[EventDate "2003.07.18"]
[EventType "team-tourn"]
[EventRounds "7"]
[EventCountry "AUS"]
[SourceTitle "EXT 2018"]
[Source "ChessBase"]
[SourceDate "2017.10.13"]
[SourceVersion "1"]
[SourceVersionDate "2017.10.13"]
[SourceQuality "1"]

1. e4 e6 2. d4 d5 3. Nc3 Nf6 4. Bg5 Be7 5. e5 Nfd7 6. Bxe7 Qxe7 7. f4 a6 8. Nf3 c5 9. Bd3 Nc6 10. 0-0 b5 11. a3 h6 12. f5 cxd4 13. fxe6 dxc3 14. exf7+ Kd8 15. Bf5 Qc5+ 16. Kh1 cxb2 17. Rb1 Ndxe5 18. Nxe5 Nxe5 19. Qe1 Nc4 20. Bh7 Rf8 21. Qc3 Ra7 22. Qxg7 Nd2 23. Qf6+ Qe7 24. Qb6+ Rc7 25. Rf6 Rxf7 26. Rd6+ Ke8 27. Rg6 Nxb1 28. Rg8+ Kd7 0-1

[Event "Box Hill Winter Interclub"]
[Site "Box Hill"]
[Date "2003.07.18"]
[Round "1.7"]
[White "Meydan, Arie"]
[Black "Sharman, Scot A"]
[Result "1/2-1/2"]
[WhiteElo "1720"]
[BlackElo "1695"]
[PlyCount "58"]
[EventDate "2003.07.18"]
[EventType "team-tourn"]
[EventRounds "7"]
[EventCountry "AUS"]
[SourceTitle "EXT 2018"]
[Source "ChessBase"]
[SourceDate "2017.10.13"]
[SourceVersion "1"]
[SourceVersionDate "2017.10.13"]
[SourceQuality "1"]

1. e4 c5 2. Nc3 e6 3. Nf3 Nc6 4. Bb5 Nge7 5. d4 cxd4 6. Nxd4 Nxd4 7. Qxd4 a6 8. Be2 Nc6 9. Qd2 b5 10. a3 Bb7 11. 0-0 Qc7 12. Qg5 h6 13. Qg3 Qxg3 14. hxg3 Bc5 15. Bd3 Ne5 16. Ne2 0-0 17. b4 Bb6 18. Bb2 Nxd3 19. cxd3 Rac8 20. Rfc1 f6 21. Bd4 Bxd4 22. Nxd4 Kf7 23. Rxc8 Rxc8 24. Kf1 g6 25. Ke2 f5 26. exf5 exf5 27. f3 Kf6 28. Kd2 Bd5 29. Rc1 Rxc1 1/2-1/2

[Event "AUS-ch reserves"]
[Site "Melbourne"]
[Date "2002.01.03"]
[Round "6"]
[White "Sharman, Scot A"]
[Black "Kalisch, Tom"]
[Result "0-1"]
[WhiteElo "1682"]
[BlackElo "1825"]
[PlyCount "46"]
[EventDate "2001.12.28"]
[EventType "swiss"]
[EventRounds "11"]
[EventCountry "AUS"]
[SourceTitle "EXT 2003"]
[Source "ChessBase"]
[SourceDate "2002.11.25"]
[SourceVersion "1"]
[SourceVersionDate "2002.11.25"]
[SourceQuality "1"]

1. d4 Nf6 2. c4 c5 3. d5 b5 4. cxb5 a6 5. Nc3 axb5 6. e4 b4 7. Nb5 d6 8. Bf4 g5 9. Bxg5 Nxe4 10. Bf4 Ba6 11. Qf3 Nf6 12. Bc4 Bg7 13. Qe2 0-0 14. Nf3 Nbd7 15. 0-0 Qb6 16. a4 bxa3 17. Rxa3 Nxd5 18. Bxd5 Bxb5 19. Qxe7 Rxa3 20. Ng5 Bxf1 21. Nxf7 Ra1 22. Nh6+ Kh8 23. Nf7+ Rxf7 0-1

[Event "Box Hill op"]
[Site "Box Hill"]
[Date "2001.09.28"]
[Round "4.18"]
[White "Sharman, Scot A"]
[Black "Nincevic, Anton"]
[Result "1-0"]
[WhiteElo "1686"]
[BlackElo "1429"]
[PlyCount "107"]
[EventDate "2001.09.??"]
[EventType "swiss"]
[EventRounds "7"]
[EventCountry "AUS"]
[SourceTitle "EXT 2003"]
[Source "ChessBase"]
[SourceDate "2002.11.25"]
[SourceVersion "1"]
[SourceVersionDate "2002.11.25"]
[SourceQuality "1"]

1. e4 e5 2. Nf3 Nc6 3. Nc3 Nf6 4. Bb5 a6 5. Bxc6 bxc6 6. 0-0 Bb7 7. Nxe5 Bd6 8. Nf3 Bc5 9. d4 Bb6 10. e5 Nd5 11. Nxd5 cxd5 12. Bg5 Qc8 13. Re1 0-0 14. Qd3 Qe8 15. Bh4 h6 16. Bg3 Qe6 17. c3 c5 18. Rad1 c4 19. Qd2 Bd8 20. h3 Bc6 21. Nh2 Qg6 22. Qe3 Re8 23. f4 f5 24. Qf2 Re6 25. Nf1 Ba4 26. Rd2 Rb8 27. Ne3 Bc6 28. Kf1 Rb6 29. Bh4 Rb8 30. g4 fxg4 31. hxg4 Bxh4 32. Qxh4 Ree8 33. Nf5 Qe6 34. Nd6 g5 35. fxg5 Rf8+ 36. Rf2 Rxf2+ 37. Kxf2 Rf8+ 38. Kg3 Qg6 39. Nf5 hxg5 40. Ne7+ Kg7 41. Nxg6 gxh4+ 42. Nxh4 Ba4 43. Nf5+ Kf7 44. Rh1 Ke8 45. Rh6 Bc6 46. Kf4 Kd8 47. g5 Kc7 48. g6 Rb8 49. g7 Rg8 50. Rh8 Rxg7 51. Nxg7 Ba4 52. Ne8+ Kb6 53. Rh6+ Ka7 54. Rd6 1-0

[Event "Begonia op 34th"]
[Site "Ballarat"]
[Date "2000.03.12"]
[Round "5"]
[White "Lojanica, Milenko"]
[Black "Sharman, Scot A"]
[Result "1-0"]
[WhiteElo "1832"]
[BlackElo "1595"]
[PlyCount "83"]
[EventDate "2000.03.11"]
[EventType "swiss"]
[EventRounds "7"]
[EventCountry "AUS"]
[SourceTitle "EXT 2001"]
[Source "ChessBase"]
[SourceDate "2000.11.22"]
[SourceVersion "1"]
[SourceVersionDate "2000.11.22"]
[SourceQuality "1"]

1. e4 e5 2. Nf3 Nc6 3. Bc4 Nf6 4. Ng5 d5 5. exd5 Na5 6. Bb5+ c6 7. dxc6 bxc6 8. Be2 h6 9. Nf3 e4 10. Ne5 Qc7 11. d4 Bd6 12. Ng4 Nxg4 13. Bxg4 0-0 14. Bxc8 Raxc8 15. Qh5 Rb8 16. Nc3 f5 17. 0-0 Nc4 18. b3 Na3 19. Bxa3 Bxa3 20. Ne2 f4 21. f3 e3 22. c4 Be7 23. Rad1 Bg5 24. Rd3 Rbe8 25. g3 Qa5 26. a4 Qf5 27. Rc3 fxg3 28. hxg3 g6 29. Qh1 h5 30. f4 Bd8 31. Qxc6 Ba5 32. Rcc1 Bd2 33. Rb1 Kg7 34. Qf3 Re4 35. Kg2 Rfe8 36. d5 Bb4 37. Rh1 Qf6 38. g4 hxg4 39. Qxg4 Bc3 40. Qh4 Qxh4 41. Rxh4 Bf6 42. Rg4 1-0

[Event "Begonia op 34th"]
[Site "Ballarat"]
[Date "2000.03.12"]
[Round "4"]
[White "Sharman, Scot A"]
[Black "Chapman, Mark"]
[Result "0-1"]
[WhiteElo "1595"]
[BlackElo "2213"]
[PlyCount "64"]
[EventDate "2000.03.11"]
[EventType "swiss"]
[EventRounds "7"]
[EventCountry "AUS"]
[SourceTitle "EXT 2001"]
[Source "ChessBase"]
[SourceDate "2000.11.22"]
[SourceVersion "1"]
[SourceVersionDate "2000.11.22"]
[SourceQuality "1"]

1. e4 e5 2. Nf3 Nc6 3. Bb5 a6 4. Ba4 Nf6 5. 0-0 Be7 6. Re1 b5 7. Bb3 0-0 8. a3 d6 9. h3 Be6 10. Bxe6 fxe6 11. d4 exd4 12. Nxd4 Nxd4 13. Qxd4 Nd7 14. Nc3 Bf6 15. Qe3 c5 16. Ne2 Ne5 17. c3 c4 18. Nd4 Qe7 19. f4 Nd3 20. Rf1 Qd7 21. Nf3 d5 22. e5 Be7 23. Nd4 Bc5 24. b4 Bb6 25. Bd2 g6 26. Kh2 a5 27. g3 Ra6 28. Qg1 Rfa8 29. Be3 Qa7 30. Nxb5 Bxe3 31. Nxa7 Bxg1+ 32. Rxg1 R6xa7 0-1